000 00625nam a2200205 4500
001 174401
003 ES-MaACL
005 20250929063254.0
008 100414s1998 dr |||| | spa d
020 _a976-8160-38-1
080 _a821.134.2(82)-31"19"
100 1 _aSánchez, Carlos,
_d1942-
_9102349
245 1 0 _aDoce cuentos para ser leídos en conchos y voladoras /
_cCarlos Sánchez.
260 _aSanto Domingo, R.D. :
_bBúho,
_c1998.
300 _a78 p. ;
_c21 cm.
650 0 4 _aCuentos argentinos.
_911481
650 0 4 _aCuentos-
_yS.XX.
_911480
852 4 _a BA
_jC-57110
999 _c174401
_d174401